[Event "CRO-chT2W"]
[Site "Croatia"]
[Date "2016.04.09"]
[Round "4.5"]
[White "Tomulic, Teo"]
[Black "Nastic, Milorad"]
[Result "1-0"]
[WhiteElo "2145"]
[BlackElo "1878"]
[PlyCount "27"]
[EventDate "2016.03.05"]
[EventType "team-tourn"]
[EventRounds "9"]
[EventCountry "CRO"]
[SourceTitle "CBM 171 Extra"]
[Source "ChessBase"]
[SourceDate "2016.04.26"]
[SourceVersion "1"]
[SourceVersionDate "2016.04.26"]
[SourceQuality "1"]
[WhiteTeam "Rijeka Junior"]
[BlackTeam "Rijeka Kvarner"]
[WhiteTeamCountry "CRO"]
[BlackTeamCountry "CRO"]

1. e4 e5 2. f4 exf4 3. Nf3 g5 4. Bc4 Bg7 5. 0-0 h6 6. d4 Ne7 7. Nc3 0-0 8. g3 fxg3 9. Bxg5 hxg5 10. Nxg5 Bh6 11. Qh5 Bxg5 12. Qxg5+ Kh7 13. Rf6 Ng6 14. Bxf7 1-0

[Event "CRO-chT2 West"]
[Site "Croatia"]
[Date "2015.10.25"]
[Round "8.6"]
[White "Safar, Sandro"]
[Black "Nastic, Milorad"]
[Result "1-0"]
[WhiteElo "1895"]
[BlackElo "1912"]
[PlyCount "85"]
[EventDate "2015.02.21"]
[EventType "team-tourn"]
[EventRounds "9"]
[EventCountry "CRO"]
[SourceTitle "EXT 2017"]
[Source "ChessBase"]
[SourceDate "2016.10.25"]
[SourceVersion "1"]
[SourceVersionDate "2016.10.25"]
[SourceQuality "1"]
[WhiteTeam "Rijeka Junior"]
[BlackTeam "Rijeka Kvarner"]
[WhiteTeamCountry "CRO"]
[BlackTeamCountry "CRO"]

1. e4 e5 2. Nf3 d6 3. d4 Nf6 4. Nc3 Nbd7 5. Bc4 Be7 6. Bxf7+ Kxf7 7. Ng5+ Kg8 8. Ne6 Qe8 9. Nxc7 Qd8 10. Nxa8 h6 11. Be3 b6 12. dxe5 Nxe5 13. Nb5 Bb7 14. Nac7 Qd7 15. Bd4 Nf7 16. f3 Bd8 17. 0-0 Bxc7 18. c4 Bb8 19. b3 Kh7 20. Qd3 Ne5 21. Bxe5 dxe5 22. Rad1 Qc6 23. Nc3 Rf8 24. a4 Nh5 25. Ne2 Nf6 26. Rd2 Qc5+ 27. Kh1 Bc7 28. Nc3 Nh5 29. g3 Nf6 30. Nd5 Bxd5 31. cxd5 Bd6 32. Rc2 Qa3 33. f4 Nd7 34. Rcf2 Nc5 35. Qe2 Qb4 36. fxe5 Rxf2 37. Rxf2 Bxe5 38. Rf5 Qd4 39. Rf3 Nxe4 40. Re3 Nc3 41. Qd3+ Qxd3 42. Rxd3 Kg6 43. d6 1-0

[Event "CRO-chT2 West"]
[Site "Croatia"]
[Date "2015.02.22"]
[Round "2.5"]
[White "Cvencek, Mladen"]
[Black "Nastic, Milorad"]
[Result "0-1"]
[WhiteElo "1979"]
[BlackElo "1912"]
[PlyCount "136"]
[EventDate "2015.02.21"]
[EventType "team-tourn"]
[EventRounds "9"]
[EventCountry "CRO"]
[SourceTitle "EXT 2016"]
[Source "ChessBase"]
[SourceDate "2015.10.08"]
[SourceVersion "1"]
[SourceVersionDate "2015.10.08"]
[SourceQuality "1"]
[WhiteTeam "Buje"]
[BlackTeam "Rijeka Kvarner"]
[WhiteTeamCountry "CRO"]
[BlackTeamCountry "CRO"]

1. d4 Nf6 2. Nf3 e6 3. g3 b6 4. Bg2 Bb7 5. 0-0 c5 6. e3 d5 7. b3 Be7 8. Bb2 Nbd7 9. Nbd2 Qc7 10. c4 dxc4 11. Nxc4 Rd8 12. Rc1 Qb8 13. Re1 0-0 14. Qe2 Qa8 15. Ncd2 cxd4 16. Bxd4 Nc5 17. b4 Nce4 18. Nxe4 Bxe4 19. a3 Nd5 20. Nh4 Bxg2 21. Nxg2 Rd7 22. Red1 Rfd8 23. Ne1 Nf6 24. Nf3 Qd5 25. Ne5 Rd6 26. Qc2 Kf8 27. Qc7 Ne8 28. Qc2 Bf6 29. Nc4 R6d7 30. Bc5+ bxc5 31. Rxd5 exd5 32. Na5 cxb4 33. axb4 g6 34. Rd1 d4 35. exd4 Bxd4 36. Kg2 Bb6 37. Rxd7 Rxd7 38. Nc6 Rd6 39. Qc3 Nf6 40. b5 Bxf2 41. Qa3 Ne4 42. Nxa7 Bc5 43. Qa1 Rd2+ 44. Kf3 Nf6 45. Qe1 Rd3+ 46. Kg2 Bxa7 47. b6 Bb8 48. Qa1 Rd6 49. b7 h5 50. Qc3 Nd7 51. Qh8+ Ke7 52. h3 Rd3 53. g4 hxg4 54. hxg4 Rg3+ 55. Kf2 Rxg4 56. Qc8 Rg5 57. Qc6 Rf5+ 58. Kg2 Rc5 59. Qe4+ Kd8 60. Qf3 f6 61. Qb3 Kc7 62. Qg8 Kxb7 63. Qd8 Kc6 64. Kf1 g5 65. Qe8 Re5 66. Qc8+ Kd6 67. Qa6+ Ke7 68. Qb7 Bd6 0-1

[Event "Mediterranean op 7th"]
[Site "Rijeka"]
[Date "2014.11.10"]
[Round "4"]
[White "Nastic, Milorad"]
[Black "Dasic, Jelena"]
[Result "1/2-1/2"]
[WhiteElo "1912"]
[BlackElo "1642"]
[PlyCount "114"]
[EventDate "2014.11.08"]
[EventType "swiss"]
[EventRounds "9"]
[EventCountry "CRO"]
[SourceTitle "CBM 163 Extra"]
[Source "ChessBase"]
[SourceDate "2014.12.23"]
[SourceVersion "1"]
[SourceVersionDate "2014.12.23"]
[SourceQuality "1"]

1. e4 e6 2. g3 d5 3. Bg2 dxe4 4. Nc3 Bc5 5. Nxe4 Bb6 6. b3 Nc6 7. Bb2 e5 8. Ne2 f5 9. N4c3 Nf6 10. Na4 0-0 11. Nxb6 cxb6 12. Bxc6 bxc6 13. Bxe5 Qd5 14. 0-0 Qxe5 15. d4 Qc7 16. c4 Bb7 17. Qd3 Rae8 18. f3 Re7 19. Nf4 g5 20. Ng2 Bc8 21. Ne3 f4 22. Nf5 Bxf5 23. Qxf5 Rg7 24. g4 Qd7 25. Qd3 Rg6 26. Rf2 Rh6 27. Re1 Rh3 28. Re5 Qg7 29. Qf5 Rh6 30. Rfe2 Nd7 31. Re8 Rhf6 32. Qe4 Rxe8 33. Qxe8+ Rf8 34. Qe6+ Qf7 35. Qxc6 Nb8 36. Qd6 Re8 37. Re5 Rxe5 38. Qxe5 Nc6 39. Qxg5+ Kh8 40. d5 Nd4 41. Kf2 Qg7 42. Qxf4 h6 43. h4 a6 44. h5 a5 45. Qb8+ Kh7 46. Qxb6 Qe5 47. Qg6+ Kh8 48. Qxh6+ Kg8 49. Qg6+ Kh8 50. Qe4 Qh2+ 51. Ke3 Nc2+ 52. Kd3 Nb4+ 53. Kd4 Nc2+ 54. Kc5 Qc7+ 55. Kb5 Qb7+ 56. Kxa5 Qa7+ 57. Kb5 Qb7+ 1/2-1/2

[Event "Rijeka Paris Memorial op"]
[Site "Rijeka"]
[Date "2010.12.16"]
[Round "7"]
[White "Nastic, Milorad"]
[Black "Cucancic, Sinisa"]
[Result "0-1"]
[WhiteElo "1999"]
[BlackElo "2274"]
[PlyCount "86"]
[EventDate "2010.12.10"]
[EventType "swiss"]
[EventRounds "9"]
[EventCountry "CRO"]
[SourceTitle "CBM 140 Extra"]
[Source "ChessBase"]
[SourceDate "2011.03.01"]
[SourceVersion "1"]
[SourceVersionDate "2011.03.01"]
[SourceQuality "1"]

1. e4 c5 2. Nf3 e6 3. Nc3 a6 4. b3 Nc6 5. Bb2 d5 6. d4 Nf6 7. exd5 exd5 8. Qe2+ Be7 9. 0-0-0 0-0 10. Na4 c4 11. Ne5 cxb3 12. Nxc6 bxc6 13. axb3 Re8 14. f3 a5 15. Qf2 Nd7 16. Bd3 Nb6 17. Nc5 a4 18. Rhe1 axb3 19. cxb3 Nd7 20. Na4 Ba6 21. Bb1 Bb5 22. Nc3 Nf8 23. Re3 Ne6 24. g3 Bf6 25. Na2 Qb6 26. f4 Rac8 27. b4 Bc4 28. Qc2 Nf8 29. Rxe8 Rxe8 30. Bc3 Re4 31. Qb2 Re2 32. Rd2 Re3 33. Kc2 Qa7 34. Nc1 Ne6 35. Ba2 Rxc3+ 36. Qxc3 Bxa2 37. Qxc6 g6 38. Qc8+ Kg7 39. Ne2 Bc4 40. Kd1 Qa1+ 41. Nc1 Nxd4 42. g4 Nb3 43. Rc2 Qd4+ 0-1